000 00345nam a22001337a 4500
020 _a978-1-4052-2845-9
082 _a823
_bBLY/M
100 _aENID BLYTON
245 _aTHE MYSTERY OF THE STRANGE MESSAGES
260 _aGREAT BRITAIN
_bEUROKIDS INTERNATIONAL
_c1957
300 _a248
650 _aCHILDREN'S STORY BOOK
_zUNITED KINGDOM
942 _cBK
999 _c167
_d167